000
00290nam a22001337a 4500
008
171108b xxu||||| |||| 00| 0 eng d
020
_a
9789951589024
041
_a
eng
080
_a
618.2
100
_a
02
101
_a
FAR
245
_a
REGJISTRI I BARNAVE 2
_c
HOXHA,R
942
_2
udc
_c
BK
999
_c
38255
_d
38255